| 000 | 00473nam a22001817a 4500 | ||
|---|---|---|---|
| 003 | OSt | ||
| 005 | 20250123144128.0 | ||
| 008 | 250122b |||||||| |||| 00| 0 eng d | ||
| 020 | _a978-93-6319-083-2 | ||
| 040 | _cSBCL | ||
| 082 |
_a371.26 _bKOL-C |
||
| 100 | _aKoli,LN | ||
| 245 |
_aUGC NET/JRF/SET _bCommerce |
||
| 260 |
_aAgra _bUPKAR _c2024 |
||
| 300 | _a408p. | ||
| 650 |
_2Social sciences _aEducation _vSchools & their activities; special education |
||
| 942 | _cBOOK | ||
| 999 |
_c136483 _d136483 |
||